[Event "Helmond Rapid op"]
[Site "Helmond"]
[Date "2023.06.10"]
[Round "9"]
[White "Van der Hagen, Loek"]
[Black "Gudok, Viktor V"]
[Result "1-0"]
[WhiteElo "2285"]
[BlackElo "2085"]
[PlyCount "101"]
[EventDate "2023.06.10"]
[EventType "swiss (rapid)"]
[EventRounds "9"]
[EventCountry "NED"]
[SourceTitle "CBM 214 Extra"]
[Source "ChessBase"]
[SourceDate "2023.07.31"]
[SourceVersion "1"]
[SourceVersionDate "2023.07.31"]
[SourceQuality "1"]

1. e4 c5 2. Nf3 d6 3. d4 cxd4 4. Nxd4 Nf6 5. Nc3 g6 6. Be3 Bg7 7. f3 0-0 8. Qd2 Nc6 9. 0-0-0 d5 10. exd5 Nxd5 11. Nxc6 bxc6 12. Bd4 Bxd4 13. Qxd4 Qb6 14. Na4 Qxd4 15. Rxd4 e5 16. Rd2 Re8 17. Bc4 Ne3 18. Bb3 Be6 19. Bxe6 Rxe6 20. Nc5 Re7 21. b3 Kg7 22. Re1 Nd5 23. c4 Nc7 24. Rd6 Ne8 25. Rxc6 Rd8 26. f4 e4 27. Rxe4 Rxe4 28. Nxe4 Rd4 29. Nd2 Rxf4 30. Nf3 g5 31. Ra6 g4 32. Ne1 Re4 33. Kd2 Re7 34. Nc2 Rd7+ 35. Kc3 Nf6 36. Ne3 Ne4+ 37. Kb4 Rb7+ 38. Ka3 h5 39. b4 f6 40. b5 Nc5 41. Rc6 Nd3 42. Rd6 Ne5 43. Kb4 h4 44. c5 h3 45. gxh3 gxh3 46. c6 Rc7 47. Nc4 Re7 48. Nxe5 Rxe5 49. c7 a5+ 50. Kxa5 Rc5 51. Rc6 1-0

[Event "Vinnitsia"]
[Site "Vinnytsia"]
[Date "2016.04.01"]
[Round "6"]
[White "Gudok, Viktor V"]
[Black "Itkis, Boris"]
[Result "0-1"]
[WhiteElo "2211"]
[BlackElo "2372"]
[PlyCount "68"]
[EventDate "2016.03.29"]
[EventType "tourn"]
[EventRounds "9"]
[EventCountry "UKR"]
[SourceTitle "CBM 171 Extra"]
[Source "ChessBase"]
[SourceDate "2016.04.26"]
[SourceVersion "1"]
[SourceVersionDate "2016.04.26"]
[SourceQuality "1"]

1. e4 d6 2. d4 Nf6 3. Nc3 g6 4. Nf3 Bg7 5. Be2 0-0 6. 0-0 a6 7. h3 b5 8. e5 Nfd7 9. Bf4 Nb6 10. Qc1 Nc6 11. Bh6 Bb7 12. Bxg7 Kxg7 13. Qf4 b4 14. Ne4 dxe5 15. dxe5 Nd4 16. Bd3 Nxf3+ 17. gxf3 Qd4 18. Qg5 Rae8 19. Ng3 Kh8 20. Rfe1 Bxf3 21. Be4 Bxe4 22. Rxe4 Qxb2 23. Rae1 Rg8 24. Kh2 Qxc2 25. Rf4 Qxa2 26. Rg1 Nd7 27. Rh4 Qxf2+ 28. Rg2 Qf3 29. Qh6 Nf8 30. Rxb4 Qc3 31. Re4 Ne6 32. h4 Rd8 33. Re3 Rd3 34. Ne4 Qxe5+ 0-1